Statistics for Elton John Albums

Click here to take the quiz!

General Stats

  • This quiz has been taken 8 times
  • The average score is 19 of 34

Answer Stats

HintAnswer% Correct
1973Goodbye Yellow Brick Road
100%
1983Too Low For Zero
100%
1970Elton John
83%
1971Madman Across The Water
83%
1975Captain Fantastic And The Brown Dirt Cowboy
67%
1974Caribou
67%
1973Don't Shoot Me I'm Only The Piano Player
67%
1972Honky Chateau
67%
1997The Big Picture
67%
1981The Fox
67%
1992The One
67%
198021 At 33
50%
1978A Single Man
50%
1976Blue Moves
50%
1984Breaking Hearts
50%
1969Empty Sky
50%
1985Ice On Fire
50%
1982Jump Up
50%
1986Leather Jackets
50%
2022Lockdown Sessions
50%
2004Peachtree Road
50%
1988Reg Strikes Back
50%
1975Rock Of The Westies
50%
1989Sleeping With The Past
50%
2006The Captain And The Kid
50%
2013The Diving Board
50%
1970Tumbleweed Connection
50%
1979Victim Of Love
50%
1993Duets
33%
1995Made In England
33%
1968Regimental Sgt. Zippo
33%
2001Songs From The West Coast
33%
2010The Union
33%
2016Wonderful Crazy Night
33%

Score Distribution

Percentile by Number Answered

Percent of People with Each Score

Your Score History

You have not taken this quiz